| 000 | 00782cam a2200253 a 4500 | ||
|---|---|---|---|
| 999 |
_c2881 _d2881 |
||
| 001 | 15849 | ||
| 003 | BD-DhUAP | ||
| 005 | 20210130161036.0 | ||
| 008 | 200229s1998 bg abf b f000 0 eng | ||
| 020 | _a9781856695626 | ||
| 020 | _a185669562X | ||
| 040 |
_aBD-DhUAP _cBD-DhUAP _dBD-DhUAP _bEng |
||
| 082 |
_a720.922 LON _223 |
||
| 100 | _aLong, Kieran. | ||
| 245 |
_aHatch : _bthe *new architectural generation / _cKieran Long. |
||
| 260 |
_aLondon : _bLaurence king, _cc2008. |
||
| 300 |
_a351 pages : _billustrations ; _c26 cm. |
||
| 504 | _aIncludes bibliographical references and index. | ||
| 650 | _aYoung architects | ||
| 650 | _aArchitecture, Modern | ||
| 650 | _aArchitectural photography. | ||
| 942 |
_2ddc _cBK |
||